000 00796nam a2200277 i 4500
999 _c9241
_d9241
001 9241
003 BD-JhCC
005 20180312110603.0
008 750422s1974 enkb b 001 0 eng
020 _a070070048X :
_c$3.00
035 _a(BD-JhCC)9241
040 _aDLC
_cDLC
_dDLC
_dBD-JhCC
041 _aeng
050 0 0 _aDS786
_b.R28 1974b
082 0 0 _a320.9/5
_bRAH 1974
100 1 _aRahul, Ram.
245 1 0 _aPolitics of central Asia /
_c[by] Ram Rahul.
260 _aLondon :
_bCurzon Press,
_c1974.
300 _a[2], ix, 185 p. :
_bmap (on lining papers) ;
_c22 cm.
500 _aIncludes index.
504 _aBibliography: p. [179]-181.
651 0 _aAsia, Central
_xPolitics and government.
651 0 _aAsia, Central
_xForeign relations.
942 _2ddc
_cBK